Message caché - Typage Rapide #1 - Statistiques

Statistiques générales
  • Ce quiz a été pris 1 279 fois
  • Le résultat moyen est 8 sur 19
Statistiques - réponses
Lettre % Correct
B
99%
I
89%
E
74%
N
60%
V
52%
E
51%
N
48%
E
47%
U
47%
S
28%
U
22%
R
21%
E
18%
J
18%
P
17%
T
17%
K
16%
N
16%
U
16%
Aucun quiz correspondant
Distribution des résultats
% des personnes avec chaque résultat
Percentile par nombre de réponses
Votre historique - résultats
Vous n’avez pas pris ce quiz